Hunter X Hunter characters by picture - Statistics

General Stats
  • This quiz has been taken 1,215 times
  • The average score is 14 of 20
Answer Stats
Picture Answer % Correct
Killua Zoldyck
99%
Gon Freecss
90%
Hisoka
89%
Léorio
89%
Kurapika
85%
Ging Freecss
80%
Meruem
79%
Illumi Zoldyck
78%
Chrollo Lucilfer
73%
Isaac Netero
73%
Neferpitou
73%
Kite
69%
Biscuit Krueger
67%
Feitan
65%
Mito Freecss
64%
Silva Zoldyck
57%
Hanzo
45%
Zushi
45%
Colt
38%
Neon Nostrade
36%
No matching quizzes found
Score Distribution
Percent of People with Each Score
Percentile by Number Answered
Your Score History
You have not taken this quiz